Countries by Sports - Click Quiz - Statistics

General Stats
  • This quiz has been taken 448 times
  • The average score is 11 of 21
Answer Stats
Hint Answer % Correct
United States American Football
95%
Portugal Football
87%
India Cricket
83%
Germany Football
81%
Canada Ice Hockey
69%
Australia Australian Rules
64%
New Zealand Rugby
63%
Ireland Gaelic Football
60%
Cuba Baseball
59%
Egypt Football
58%
Dominican Republic Baseball
57%
Japan Baseball
57%
Lithuania Basketball
48%
Jamaica Athletics
44%
Bhutan Archery
42%
Mongolia Wrestling
41%
South Africa Football
21%
Guyana Cricket
18%
Malaysia Football
15%
China Basketball
11%
Nauru Australian Rules
3%
No matching quizzes found
Score Distribution
Percent of People with Each Score
Percentile by Number Answered
Your Score History
You have not taken this quiz